श्री वेंक टेश्वरजी का सुप्रभात स्तोत्र. (Record no. 1351268)

MARC details
000 -LEADER
fixed length control field 00809nam a2200181Ia 4500
008 - FIXED-LENGTH DATA ELEMENTS--GENERAL INFORMATION
fixed length control field 151202s9999||||xx |||||||||||||| ||und||
082 ## - DEWEY DECIMAL CLASSIFICATION NUMBER
Item number PNVM-121139
100 ## - MAIN ENTRY--PERSONAL NAME
Personal name संगमेशम एम.
245 ## - TITLE STATEMENT
Title श्री वेंक टेश्वरजी का सुप्रभात स्तोत्र.
260 ## - PUBLICATION, DISTRIBUTION, ETC. (IMPRINT)
Name of publisher, distributor, etc "तिरूमल तिरुपति दवस्थान,तिरुपति."
260 ## - PUBLICATION, DISTRIBUTION, ETC. (IMPRINT)
Date of publication, distribution, etc 1979
300 ## - PHYSICAL DESCRIPTION
Extent 34
600 ## - SUBJECT ADDED ENTRY--PERSONAL NAME
Personal name संगमेशम एम.
630 ## - SUBJECT ADDED ENTRY--UNIFORM TITLE
Uniform title श्री वेंक टेश्वरजी का सुप्रभात स्तोत्र.
700 ## - ADDED ENTRY--PERSONAL NAME
Personal name संगमेशम एम.
730 ## - ADDED ENTRY--UNIFORM TITLE
Uniform title श्री वेंक टेश्वरजी का सुप्रभात स्तोत्र.
942 ## - ADDED ENTRY ELEMENTS (KOHA)
Koha item type Book
Holdings
Withdrawn status Lost status Damaged status Not for loan Home library Current library Date acquired Cost, normal purchase price Total Checkouts Full call number Barcode Date last seen Cost, replacement price Price effective from Koha item type
        Pune Nagar Vachan Mandir, Pune Pune Nagar Vachan Mandir, Pune 06/21/2015 0.00   PNVM-121139 PNVM-121139 12/02/2015 0.00 12/02/2015 Book